Conversation française

Bibliographic Details
Main Author: Velíšková, Olga, 1929-2024 (Author)
Format: Book
Language:Undetermined
Published: Praha Státní pedagogické nakladatelství 1978

MARC

LEADER 00000nam a2200000 a 4500
001 vtls001297421
003 SK-MaSNL
005 20260416164844.0
008 240318s1978 xx 0 und
035 |a SNK000249312 
040 |a SNK  |b slo  |c SNK  |e AACR2 
100 1 |a Velíšková, Olga,  |d 1929-2024  |4 aut  |9 244404 
245 1 0 |a Conversation française 
260 |a Praha  |b Státní pedagogické nakladatelství  |c 1978 
300 |a 448 s. 
958 |a OND 
999 |c 629421  |d 631351 
952 |t P60, <04>, [BOOK], {604}  |a SNK  |b SNK  |y VYP  |7 0  |p 17A0095445  |o snkIC 73494  |0 0  |1 0  |4 0  |d 1997-09-23  |l 0  |r 2005-01-02 00:00:00  |w 2026-02-23 
952 |t P60, <04>, [BOOK], {604}  |a SNK  |b SNK  |y VYP  |7 0  |p 17A0087095  |o snkIC 73494 D1  |0 0  |1 1  |4 0  |d 1997-07-30  |l 0  |r 2005-01-02 00:00:00  |w 2026-02-23